000 00612nam a22001817a 4500
003 BUBTL
008 190310b xxu||||| |||| 00| 0 eng d
020 _a978-984-502-094-7
082 _a891.443 / AHB
100 _91693
_aআহমেদ, হুমায়ূন
245 _aভ্রমণ সমগ্র /
_cহুমায়ূন আহমেদ
260 _aঢাকা :
_bঅন্য প্রকাশ,
_cc2013.
300 _a368 p. :
_c21 cm.
650 0 _91692
_aবাংলা সাহিত্য
856 _k0
_l0
_yDownload
942 _2ddc
_cBK
999 _c5909
_d5909